LEADER 01210nam a2200277 i 4500 001 000000175096 003 CaOOAMICUS 005 20081023000000.0 008 081023s2007 it u000 u ita u 013 $a152573 020 $a978-88-95446-00-4 040 $aSeMil$bita 245 10$aGalliano :$bspazio e tempo /$ccatalogo a cura di Alberto Novati e Giancarlo Montorfano. 260 $a[S.l. :$bs.n.],$c2007$e(Cantù :$fTipografia Cavalleri,$g2007) 300 $a97 p. :$bill. ;$c33 cm. 490 0 $aI quaderni del gruppo scientifico ;$v2 650 4$aCantù - Complesso monumentale di Galliano.$0(OLS)http://semarc/subject/9703 700 1 $aMontorfano, Giancarlo.$0(OLS)http://semarc/name/10626 700 1 $aNovati, Alberto.$0(OLS)http://semarc/name/65342 830 2$aI quaderni del gruppo scientifico ;$v2.$0(OLS)http://semarc/title/26552 850 $aSeMil 852 $aSeMil$W1$xVenegono$y1$m3P VI 357$j125921$B125921$CSeMilBibl$Z2$F138570 $81 961 $aOmaggio: Altro 996 $6020$a978-88-95446-00-4$9(OLS)http://semarc/number/163265 996 $6245$aGalliano :$bspazio e tempo$9(OLS)http://semarc/title/251126 996 $6260$a[S.l. :$bs.n.]$9(OLS)http://semarc/publisher/29751 LEADER 01306nam a2200229 i 4500 001 000000021734 003 CaOOAMICUS 005 20180830125445.0 008 180830s1967 gw u000 u und u 040 $aSeMil$bita 100 1 $aMeinhold, Peter <1907-1981>.$0(OLS)http://semarc/name/7068 245 10$aGeschichte der kirchlichen Historiographie /$cvon Peter Meinhold. 246 08$iTitolo sul dorso:$aKirchliche Historiographie 260 $aFreiburg ; München :$bKarl Alber,$c1967. 300 $av. ;$c23 cm. 650 4$aChiesa - Storia - Storiografia.$0(OLS)http://semarc/subject/2491 773 0 $tOrbis academicus.$dFreiburg ; München : Karl Alber, 1951-1970.$w()15156 774 0 $aMeinhold, Peter <1907-1981>$t1.$dFreiburg ; München : Karl Alber, 1967.$kOrbis academicus : Problemgeschichten der Wissenschaft in Dokumenten und Darstellungen$g1$w()176254 774 0 $aMeinhold, Peter <1907-1981>$t2.$dFreiburg ; München : Karl Alber, 1967.$kOrbis academicus : Problemgeschichten der Wissenschaft in Dokumenten und Darstellungen$g2$w()180711 996 $6245$aGeschichte der kirchlichen Historiographie$9(OLS)http://semarc/title/28827 996 $6246$aKirchliche Historiographie$9(OLS)http://semarc/title/28828 996 $6260$aFreiburg ; München :$bKarl Alber$9(OLS)http://semarc/publisher/34088